000 00681cam a2200241 4500
008 000000n1995 000 0 eng u
020 _a1860810241
035 _a(Sirsi) u112199
050 _a697.93
100 _aRaw, G. J.
_xEditor
100 _aHamilton, R.M.
_xEditor
245 _aBuilding regulation and health
260 _aWatford
_bBRE
_c1995
300 _avi, 95p. ; 29cm.
490 _aBRE
_v289
650 _aHEALTH AND SAFETY
_96244
650 _aBUILDING REGULATIONS
_96224
650 _aBUILT ENVIRONMENT
650 _aSICK BUILDING SYNDROME
690 _aBUILT ENVIRONMENT-BUILDING STANDARDS
710 _aBuilding Research Establishment
942 _n0
999 _c101371
_d101371